Yakko's world - Statistics

General Stats
  • This quiz has been taken 24 times
    23 since last reset
  • The average score is 24 of 36
Answer Stats
Picture Hint Answer % Correct
United states
100%
Canada
93%
Haiti
79%
Jamaica
79%
Mexico
79%
Panama
79%
Peru
79%
This a sea Caribbean
71%
Cuba
71%
El salvador
71%
Puerto rico
71%
Republic Dominican
71%
Then Argentina
64%
The Bahamas
64%
Belize
64%
Bermuda
64%
Bolivia
64%
Brazil
64%
Chile
64%
Colombia
64%
Costa Rica
64%
Ecuador
64%
🇬🇫 French guiana
64%
Greenland
64%
Guatemala
64%
And still Guyana
64%
Honduras
64%
Nicaragua
64%
Puerto Rico is the city! San juan
64%
(Trinidad) Tobago
64%
Venezuela
64%
Paraguay
57%
Suriname
57%
Uruguay
57%
Barbados
50%
And Guam
50%
No matching quizzes found
Score Distribution
Percent of People with Each Score
Percentile by Number Answered
Your Score History
You have not taken this quiz since the last reset